| 000 | 00360cam a2200145ua 4500 | ||
|---|---|---|---|
| 041 |
_amal _h |
||
| 082 |
_a894.812308 _bSRE/OR |
||
| 100 | _aSreeni, . | ||
| 245 |
_aOru pennum ezhu pavakalum / _cSreeni. _hTextual Documents |
||
| 260 |
_aTrivandrum : _bK V Press & Printers , _c1962. |
||
| 300 | _a246 ; . | ||
| 504 | _a | ||
| 942 | _cBK | ||
| 999 |
_c4279 _d4279 |
||